| 000 | 00512cam a2200205ua 4500 | ||
|---|---|---|---|
| 001 | 9156 | ||
| 008 | 150223n ii |||gr||||Z||||||eng | ||
| 020 | _a978817273824 | ||
| 040 | _cMAIN | ||
| 041 | _aeng | ||
| 082 | _a398.22954 | ||
| 100 |
_aSarangi, J., _eEditor. |
||
| 245 | 1 |
_aIndian legendary writers in english _cEdited by Jaydeep Sarangi |
|
| 250 | _a1st. | ||
| 260 |
_aNew Delhi: _bAuthorpress, _c2009. |
||
| 300 | _a300p. | ||
| 653 | _aFolklore | ||
| 653 | _aLegendary writers in India | ||
| 942 | _cBK | ||
| 999 |
_c8226 _d8226 |
||